000 00517nam a2200181 ar4500
001 1191
005 20221127090148.0
008 090314s xxu 0001f|eng d
020 _a0375423168 :
_cSR148.00
082 0 4 _a813.54
_bG657 2006
100 1 _aGordon, Mary.
245 1 4 _aThe stories of Mary Gordon /
_cMary Gordon.
250 _a1st ed.
260 _aNew York :
_bPantheon Books,
_c2006.
300 _aviii, 457 p. ;
_c24 cm.
650 4 _aAmerican fiction
_y20th century.
650 4 _aIrish American
_vFiction.
999 _c1190
_d1190